Tourisme Et Aviation Commerciale /

Uloženo v:
Podrobná bibliografie
Hlavní autor: Dacharry, Monique.
Médium: Kniha
Jazyk:French
Vydáno: France : Blondel la Rougery, 1959.
Témata:
Tagy: Přidat tag
Žádné tagy, Buďte první, kdo otaguje tento záznam!
Thư viện lưu trữ: Mạng thư viện Đại học Đà Nẵng
LEADER 00795cam a2200313 i 4500
001 000044219
003 2530
005 20030220143118.0
008 010307|1959 vm 000 fre
040 |a IRC  |c IRC  |d IRC 
041 0 |a fre 
082 1 4 |a 910.202  |b DA-M 
100 1 |a Dacharry, Monique. 
245 0 4 |a Tourisme Et Aviation Commerciale /  |c Monique Dacharry. 
260 |a France :  |b Blondel la Rougery,  |c 1959. 
300 |a 126p. ;  |c 22cm. 
630 0 4 |a Aviation Commerciale. 
630 0 4 |a Tourisme. 
650 0 4 |a Aviation Commerciale  |x Tourisme. 
OWN |a DUT 
999 |a From the UDN01 
TYP |a Monograph 
TYP |a Printed language 
980 |a Mạng thư viện Đại học Đà Nẵng